00561nam a2200169Ia 4500008004100000020002200041082001600063100002300079245004900102250000800151260004000159300001100199600001500210942000700225952014200232999001700374250916s9999 xx 000 0 und d a978-0-17-689301-9 a614.852 KEL aKelloway, E. Kevin 0aManagement of occupational health and safety a8th aToronto:bTophatmonocle Corp,c2021 a414 p. aManagement cBK 001040708MANaUITUbUITUd2025-07-31eCapital Boo Co.g10092.97l0o614.852 KELpQ15977r2025-09-16 13:12:09v12616.21w2025-09-16yBK c31602d31602